ՀՀ Գիտությունների ազգային ակադեմիայի հիմնարար գիտական գրադարան  =   Fundamental Scientific Library of NAS RA

Нерв : (Record no. 217612)

MARC details
000 -LEADER
fixed length control field 00906nam a2200205 u 4500
001 - CONTROL NUMBER
control field 000559490
003 - CONTROL NUMBER IDENTIFIER
control field AM-YeHGA
005 - DATE AND TIME OF LATEST TRANSACTION
control field 20250617140316.0
008 - FIXED-LENGTH DATA ELEMENTS--GENERAL INFORMATION
fixed length control field 071130s1988 ||| r 000 0 rus d
020 ## - INTERNATIONAL STANDARD BOOK NUMBER
Canceled/invalid ISBN 5-89840-084-4
040 ## - CATALOGING SOURCE
Original cataloging agency AM-YeHGA
041 0# - LANGUAGE CODE
Language code of text/sound track or separate title rus
090 ## - LOCALLY ASSIGNED LC-TYPE CALL NUMBER (OCLC); LOCAL CALL NUMBER (RLIN)
-- 219137
100 1# - MAIN ENTRY--PERSONAL NAME
Personal name Высоцкий, Владимир Семенович
Dates associated with a name 1938-1980.
245 10 - TITLE STATEMENT
Title Нерв :
Remainder of title [Стихи] /
Statement of responsibility, etc. Владимир Высоцкий.
260 ## - PUBLICATION, DISTRIBUTION, ETC.
Place of publication, distribution, etc. Алма-Ата :
Name of publisher, distributor, etc. Онер,
Date of publication, distribution, etc. 1988.
300 ## - PHYSICAL DESCRIPTION
Extent 191 с. :
Other physical details [16] л. ил.
505 0# - FORMATTED CONTENTS NOTE
Formatted contents note Песня певца у микрофона; Циклы: Мы вращаем землю; Знаки Зодиака; Клич глашатаев; Калейдоскоп; Спорт, спорт!.; Занозы; Черное золото; Баллада о любви; Бег иноходца; Мой Гамлет
653 0# - INDEX TERM--UNCONTROLLED
Uncontrolled term Русская поэзия
Holdings
Withdrawn status Lost status Damaged status Not for loan Collection Home library Current library Date acquired Total checkouts Full call number Barcode Date last seen Price effective from Koha item type Public note
        General Fundamental Scientific Library Fundamental Scientific Library 28/12/2016   РII/594312 FL0023318 28/12/2016 28/12/2016 Գրքեր / Books 30 Days Loan


ՀՀ ԳԱԱ հիմնարար գիտական գրադարան
ՀՀ,Երևան 0019
Մարշալ Բաղրամյան 24/6
հեռախոս:(374-10) 52-47-50
Հետադարձ կապ

All site content, except where otherwise noted, is licensed under a
Creative Commons License